| 000 | 01157nam a22002177a 4500 | ||
|---|---|---|---|
| 003 | NALT | ||
| 005 | 20240823144839.0 | ||
| 008 | s2550 th tha d | ||
| 040 | _aNALT | ||
| 041 | _atha | ||
| 090 |
_aอศ _bป618ค 2550 |
||
| 245 | 0 | 0 | _aเครื่องราชอิสริยาภรณ์ตระกูลช้างเผือกและตระกูลมงกุฎไทย : ที่ระลึกในงานพระราชทานเพลิงศพ พันตำรวจเอก ปิย รัตนะพร ท.ช., ท.ม. |
| 260 |
_aกรุงเทพฯ : _bคณะรัฐมนตรีและราชกิจจานุเบกษา, _c2550 |
||
| 300 |
_a100 หน้า : _bภาพประกอบ, ตาราง ; _c21 ซม. |
||
| 600 | 0 | 4 |
_947768 _aปิยะ รัตนะพร _xชีวประวัติ |
| 650 | 4 |
_aเครื่องราชอิสริยาภรณ์ _96257 |
|
| 850 | _aNALT | ||
| 856 | 4 | 0 | _uhttps://dl.parliament.go.th/handle/lirt/586283 |
| 942 |
_cCRE _2local |
||
| 996 |
_ajamriang.p _bCATSTF _c2024-08-23 |
||
| 999 |
_c53058 _d53058 |
||
| 998 |
_j1020 _k จำเรียง ระวังสำโรง |
||